01389nam a22002892 450000100060000000300080000600500170001400800410003103500390007204000270011104100080013808200280014610000360017424501350021026000530034530000280039850001940042650400200062065000330064070000310067370000260070471000950073071000970082594200120092299900170093495201480095134642BD-RjUL20211209052206.0140518s1959 ctu 001 0 eng d a(OCoLC)ocm25562392a(BD-RjUL)34736 aBUQcBUQbengdBD-RjUL aeng a306.85097295bHIF 19591 aHill, Reubend1912-1985910538214aThe family and population control :ba Puerto Rican experiment in social change /cby Reuben Hill, J. Mayone Stycos, Kurt W. Back. aNew Haven, Conn.:bCollege & Univ. Press,c1959. axxvi, 481 p. ; c22 cm. aA Social Science Research Center Study, College of the Social Sciences, University of Puerto Rico, in cooperation with the Institute for Research in Social Science, Univ. of North Carolina. aIncludes index. aFamilies Puerto Rico91053831 aStycos, J. Mayone.91053841 aBack, Kurt W.91010082 aUniversity of Puerto Rico (Río Piedras Campus).bSocial Science Research Center.91053852 aUniversity of North Carolina (1793-1962).bInstitute for Research in Social Science.9105386 2ddccBK c34642d34642 00102ddc40718NFICaRUCLbRUCLcReadingd1965-07-02ePopolation Councilg0.00l0o972.95 HIF 1959r2014-05-18 00:00:00tC-1w2021-12-09yBK